1955 : Revolución libertadora o fusiladora /

Guardado en:
Autor Corporativo: Canal Encuentro.
Formato: Deslizar
Materias:
Etiquetas: Agregar Etiqueta
Sin Etiquetas, Sea el primero en etiquetar este registro!
LEADER 01018ngm a22002775g 4500
001 CEM.cems022918
008 130507b2009##################0###0#####d
005 20241126163240.0
245 1 0 |a 1955 :  |b Revolución libertadora o fusiladora /  |c Canal Encuentro. 
300 |a 10'. 
500 |a En soporte VHS, consultar en ventanilla. 
505 0 |a Causas de la Revolución libertadora. Oposición de los partidos políticos y la Iglesia al gobierno de Perón. Bombardeo de la Plaza de Mayo. Proscripción del Peronismo. 
538 |a Soporte: VHS - Norma: Pal N - Color: Si - Grabación DRD 2009 - Hitachi=2995 
110 2 |a Canal Encuentro. 
082 9 8 |/ DIC 
653 |a NIVEL PRIMARIO 
653 |a NIVEL SECUNDARIO 
653 |a HISTORIA ARGENTINA 
653 |a POLITICA 
653 |a REVOLUCION LIBERTADORA 
653 |a PARTIDOS POLITICOS 
653 |a IGLESIA 
653 |a PERON 
653 |a BOMBARDEO 
653 |a PROSCRIPCION 
859 |a CEMS  |b BIB. CEMS - Depto. Recursos Didacticos  |h 982  |i DIC  |k DRD  |p 1561.12  |t Ej.1